000 00536nam a2200145 a 4500
001 000042962
005 20201002040530.0
008 140213s1996 pr 000 0 spa d
040 _aDO-SdBNP
_bspa
_cBNPHU
100 1 _aDuchesne Winter, Juan
_97083
245 1 0 _aPolítica de la caricia :
_bensayos sobre corporalidad erotismo literatura y poder /
_cJuan Duchesne Winter.
260 _aSan Juan, Puerto Rico, :
_bLibros Nómadas,
_c1996.
300 _a229 p. ;
_c19 cm.
590 _aLa biblioteca posee 1 ejemplar autografíado por el autor
999 _c42451
_d42451